| 000 | 00715nam a2200253Ia 4500 | ||
|---|---|---|---|
| 005 | 20260429111855.0 | ||
| 008 | 260429s9999||||xx |||||||||||||| ||und|| | ||
| 020 | _a9781412923712 | ||
| 041 | _aEnglish | ||
| 082 |
_a791.43023 _bGRE |
||
| 100 | _aGregory, Georgina. | ||
| 245 | 0 |
_aCareers in media and film : _bthe essential guide / _cGeorgina. Gregory |
|
| 260 |
_aLondon : _bSage Publications Ltd, _c2007. |
||
| 300 | _a218 p.; hb | ||
| 650 | _a Broadcasting professions | ||
| 650 | _a Career guidance | ||
| 650 | _a Film industry | ||
| 650 | _a Film studies | ||
| 650 | _a Mass media employment | ||
| 650 | _aMedia careers | ||
| 700 | _a Healy, Ros. | ||
| 700 | _a Mazierska, Ewa. | ||
| 942 | _cTB | ||
| 999 |
_c51228 _d51228 |
||